| 000 | 01115nam a2200373 c 4500 | ||
|---|---|---|---|
| 001 | 54038 | ||
| 003 | ES-MaCES | ||
| 005 | 20260113105015.0 | ||
| 008 | 260112s2025 sp || | 000 ||spa d | ||
| 017 |
_aCO 1436-2025 _bDL |
||
| 020 | _a9788410528031 | ||
| 040 |
_aES-MaCES _bspa _cES-MaCES |
||
| 100 | 1 |
_941592 _aSamboal, Ana |
|
| 245 | 1 | 3 |
_aEl final de la clase media _b: los jóvenes que vivirán peor que sus padres _cAna Samboal |
| 250 | _a1ª ed | ||
| 260 |
_aCórdoba _bAlmuzara _c2025 |
||
| 300 |
_a157 p _c22 cm |
||
| 541 | _cCompra | ||
| 650 | 4 |
_aclase media _927294 |
|
| 650 | 4 |
_aclase social _927296 |
|
| 650 | 4 |
_ajuventud _928522 |
|
| 650 | 4 |
_aempleo precario _930171 |
|
| 650 | 4 |
_anecesidades de vivienda _928600 |
|
| 650 | 4 |
_acondiciones de vida _927111 |
|
| 650 | 4 |
_acambio social _927286 |
|
| 650 | 4 |
_adesigualdad económica _929371 |
|
| 650 | 4 |
_adesigualdad social _930789 |
|
| 650 | 4 |
_amovilidad social _927297 |
|
| 650 | 4 |
_aproblema social _927044 |
|
| 650 | 4 |
_aEspaña _926964 |
|
| 653 | 1 | 0 | _aCiencias Sociales-Políticas |
| 902 | _aLIB Libro | ||
| 942 |
_2CES _cBK _h7.0. |
||
| 999 |
_c54038 _d54038 |
||